Catálogo de la Biblioteca Horacio González - Universidad Nacional de General Sarmiento

Juan Moreira (Registro nro. 54942)

Detalles MARC
000 -CABECERA
campo de control de longitud fija 02126ngm a22002770a 4500
001 - NÚMERO DE CONTROL
campo de control PT36190
003 - IDENTIFICADOR DEL NÚMERO DE CONTROL
campo de control AR-LpoUNG
005 - FECHA Y HORA DE LA ÚLTIMA TRANSACCIÓN
campo de control 20210202000501.0
007 - CAMPO FIJO DE DESCRIPCIÓN FÍSICA--INFORMACIÓN GENERAL
campo de control de longitud fija vd cvaizq
008 - DATOS DE LONGITUD FIJA--INFORMACIÓN GENERAL
campo de control de longitud fija 191001suuuu||||ag |||||||||||||||||spa d
040 ## - FUENTE DE LA CATALOGACIÓN
Centro catalogador/agencia de origen AR-LpoUNG
Lengua de catalogación spa
Centro/agencia transcriptor AR-LpoUNG
Normas de descripción aacr
041 ## - CÓDIGO DE LENGUA
Código de lengua del texto/banda sonora o título independiente spa
044 ## - CÓDIGO DEL PAÍS DE LA ENTIDAD EDITORA/PRODUCTORA
Código MARC del país ag
082 0# - NÚMERO DE LA CLASIFICACIÓN DECIMAL DEWEY
Número de clasificación 302.5 118jua
100 1# - ENTRADA PRINCIPAL--NOMBRE DE PERSONA
Nombre de persona Favio, Leonardo
Término indicativo de función/relación dir.
245 10 - MENCIÓN DE TÍTULO
Título Juan Moreira
260 ## - PUBLICACIÓN, DISTRIBUCIÓN, ETC.
Lugar de publicación, distribución, etc. Buenos Aires :
Nombre del editor, distribuidor, etc. International DVD Group,
Fecha de publicación, distribución, etc. 2001.
300 ## - DESCRIPCIÓN FÍSICA
Extensión DVD (105 min.) : son., col.
505 0# - NOTA DE CONTENIDO CON FORMATO
Nota de contenido con formato Hecha en 1972. - En español, subtítulos en inglés y portugués. - Créditos: Guión, Jorge Zuhair Jury y Leonardo Favio según la obra de Eduardo Gutiérrez; producción, Leonardo Favio, Tito Hurovich; producción ejecutiva, Juan Sires; jefe de producción, Alberto Tarantini; asistente de dirección, Rodolfo Mórtola y Tito Faustín; fotografía, Juan Carlos Desanzo; cámara, Carmelo Lobótrico; vestuario, Leonor Puga Sabaté; montaje, Antonio Ripoll; música, Pocho Leyes y Luis María Serra; sonido, Miguel Babuini; asistente de producción, Horacio Labraña; maquillaje, Orlando Viloni y Jorge Bruno; peinados, Leonor Piccone; intérprete de la música, Agrupación Coral Contemporánea; escenografía, Miguel Angel Lumaldo; productor manager, Pepe Parada. - Elenco: Rodolfo Bebán (Juan Moreira), Elcira Olivera Garcés (Vicenta), Edgardo Suárez (Segundo, el compadre), Jorge Villalba (Julián Andrade), Elena Tritek (Laura), Eduardo Rudy (Teniente Alcalde), Alba Mujica (La Muerte), Carlos Muñoz (Dr. Marañón).
520 ## - SUMARIO, ETC.
Sumario, etc. Juan Moreira es encarcelado por reclamar lo que le corresponde, al ser liberado toma justicia por mano propia, y signa definitivamente su destino, comienzan las persecuciones y se suceden las muertes; se suma a las huestes de Alsina y entra en la -política de comité-, traicionado se pasa al bando del Gral. Mitre, en medio de estas luchas políticas, del fraude y de las traiciones, librado a su suerte, sólo le quedará la opción de la muerte.
651 #4 - PUNTO DE ACCESO ADICIONAL DE MATERIA--NOMBRE GEOGRÁFICO
Nombre geográfico Argentina
653 ## - TÉRMINO DE INDIZACIÓN--NO CONTROLADO
Término no controlado CINE ARGENTINO
653 ## - TÉRMINO DE INDIZACIÓN--NO CONTROLADO
Término no controlado VIDEOS
905 ## - ELEMENTOS DE DATOS E LOCAL, LDE (RLIN)
a 36190
942 ## - ELEMENTOS DE PUNTO DE ACCESO ADICIONAL (KOHA)
Tipo de ítem Koha DVD
Existencias
Estado de retiro Estado de pérdida Estado dañado No para préstamo Código de colección Localización permanente Ubicación/localización actual Fecha de adquisición Total de préstamos Signatura topográfica completa Código de barras Fecha visto por última vez Precio válido a partir de Tipo de ítem Koha Fecha del último préstamo
        Colección Cine Biblioteca Universidad Nacional de General Sarmiento Biblioteca Universidad Nacional de General Sarmiento 02/02/2021   302.5 118jua 00043633 02/02/2021 02/02/2021 DVD  
        Colección Cine Biblioteca Universidad Nacional de General Sarmiento Biblioteca Universidad Nacional de General Sarmiento 02/02/2021   302.5 118jua 00043634 02/02/2021 02/02/2021 DVD  
        Colección Cine Biblioteca Universidad Nacional de General Sarmiento Biblioteca Universidad Nacional de General Sarmiento 02/02/2021 1 302.5 118jua 00043635 06/07/2022 02/02/2021 DVD 30/06/2022